00353nam a2200133Ia 4500008004100000020001500041041001200056082001600068100001500084245006200099260003400161300000800195650001600203221030s9999 xx 000 0 und d a0795671546 aEnglish a105.23bJai aS. Jaiswal 0aDoing Business on the Internet E- Commercecby S. Jaiswal bGalgotia PubaNew Delhic2006 a564 aBE Computer